00866nam a2200217 a 450000100100000000500170001000800410002704000250006808200160009310000220010924000580013124501820018926000350037130000090040649000280041550000270044350000900047070000300056070000300059083000280062000003523320200930074208.0111026s1957 ag 000 0 spa d aDO-SdBNPbspacBNPHU axxxxbN236r1 aNartmann, Nicolai10aGrundzüge einer metaphysik der erknntnislEspañol10aRasgos fundamentales de una metafísica del conocimiento /cNicolai Nartmann ; traducción de J. Rovira Armengol ; prólogo a las ediciones tercera y cuarta Nicolai Hartmann. aBuenos Aires :bLosada,c1957. a2 v.1 aBiblioteca filosófica aTraducido del alemán aColección publicada bajo la dirección de Biblioteca filosófica Francisco Romero1 aRovira Armengol, J.,etr.1 aHartmann, Nicolaiepról 0aBiblioteca filosófica